Elementary particles.

Guardado en:
Autor Principal: Novozhilov, IU. V.
Formato: Libro
Idioma:English
Russian
Publicado: Delhi : Hindustan Pub. Corp., 1961.
Series:Russian tracts on advanced mathematics and physics ; v. 12
Materias:
Etiquetas: Agregar Etiqueta
Sin Etiquetas, Sea el primero en etiquetar este registro!
LEADER 00693nam a22002171a 4500
001 MAT.inmabb005401
008 850322s1961####ii#a##########000#0#eng##
005 20130222115831.0
245 1 0 |a Elementary particles. 
260 |a Delhi :  |b Hindustan Pub. Corp.,  |c 1961. 
300 |a 199 p. :  |b il. ;  |c 23 cm. 
440 0 |a Russian tracts on advanced mathematics and physics ;  |v v. 12 
510 4 |a MR,  |c 31 #3081 
100 1 |a Novozhilov, IU. V.  |q (IUrii Viktorovich) 
240 1 0 |a Elementarnye chastitsy.  |l Inglés 
650 0 |a Particles (Nuclear physics) 
084 |a 81-01  |2 msc2000 
010 |a  62002367  
040 |a DLC/ICU  |c ICU  |d DLC 
041 1 |a eng  |h rus 
859 |h 81  |i N945  |p A-1178  |b BIB. MATEMATICA